Dramáticos posteriores a Lope de Vega

Furkejuvvon:
Bibliográfalaš dieđut
Searvvušdahkki: Biblioteca de autores españoles
Materiálatiipa: Girji
Giella:Undetermined
Almmustuhtton: Madrid, España Rivadeneyra 1859
Fáttát:
Fáddágilkorat: Lasit fáddágilkoriid
Eai fáddágilkorat, Lasit vuosttaš fáddágilkora!

MARC

LEADER 00000nam a2200000Ia 4500
008 170316s9999 xx 000 0 und d
110 |a Biblioteca de autores españoles 
245 |a Dramáticos posteriores a Lope de Vega 
260 |a Madrid, España 
260 |b Rivadeneyra 
260 |c 1859 
300 |a 654 páginas Tomo II (Vol. 49) 
650 |a ENCICLOPEDIAS EN ESPAÑOL 
999 |c 30169  |d 30169 
040 |a cru BVZT 
942 |c 15 D  |2 z